Nuevas reflexiones sobre la relación entre el reintegro del impuesto a las ventas y los gravámenes a las rentas (Registro nro. 27523)

Detalles MARC
000 -LEADER
fixed length control field 00397 a2200109 4500
001 - CONTROL NUMBER
control field ART_18299
005 - DATE AND TIME OF LATEST TRANSACTION
control field 20260410161919.0
008 - FIXED-LENGTH DATA ELEMENTS--GENERAL INFORMATION
fixed length control field 260409a
100 1# - MAIN ENTRY--PERSONAL NAME
Personal name Judkovski, José
245 10 - TITLE STATEMENT
Title Nuevas reflexiones sobre la relación entre el reintegro del impuesto a las ventas y los gravámenes a las rentas
773 0# - HOST ITEM ENTRY
Title La información
Related parts - Tomo XXX, Nº 535 (jul. 1974)
Record control number REV14902

No hay ítems disponibles.